=LDR 00000nam 2200000 4500 =001 000965 =005 20250712015324 =035 ##$$a 0010-0725000844 =007 ta =008 250712################|##########|#|## =082 ##$$a 398. 209 598 =084 ##$$a 398. 209 598 BLO a =100 #$$a Bloch, carole =245 1#$$a Ayo, Kenali Indra Kita ! /$c Carole Bloch =260 ##$$a Jakarta Timur :$b Badan Pengembangan dan Pembinaan Bahasa,$c 2024 =300 ##$$a 16 hlm. : $b Ilus. ; $c 29 cm =650 #4$$a Cerita anak Indonesia-Terjemahan =650 #4$$a Literasi-Bahan Bacaan =022 ##$$a 978-623-307-422-3 =990 ##$$a TBM202400643